Simulation of airport security systems

Podrobná bibliografia
Hlavní autori: Jezný, Martin (Autor), Puliš, Pavel, 1954- (Autor), Myslivcová, Viera (Autor)
Médium: Článok
Jazyk:angličtina
Fyzický popis:Obr., tab.
ISBN:9788096976027
Predmet:

MARC

LEADER 00000naa a2200000 a 4500
001 vtls010256909
003 SK-MaSNL
005 20260319074706.0
008 11030220s2007 xo o |0||||||||0|||b|en
015 |a SNBRA2008/04 
035 |a SVKKK000090719 
038 |a SVKKK 
040 |a SVKKK  |b slo  |c SVKKK  |e AACR2 
041 0 |a eng  |b eng 
044 |a xo  |c SK 
080 |a 656.071.4  |2 1997 
080 |a 004.942  |2 1997 
080 |a 629.7.067  |2 1997 
100 1 |a Jezný, Martin  |4 aut  |9 329512 
245 1 0 |a Simulation of airport security systems  |c Martin Jezný, Pavel Puliš, Viera Myslivcová 
300 |b Obr., tab. 
504 |a Bibliogr. odkazy 
546 |a Res. angl. 
650 0 7 |a bezpečnosť letísk  |2 snkbucl  |9 817963 
650 0 7 |a centralizované bezpečnostné systémy  |x simulácia  |2 snkbucl  |9 817964 
700 1 |a Puliš, Pavel,  |d 1954-  |4 aut  |9 48320 
700 1 |a Myslivcová, Viera  |4 aut  |9 474630 
773 0 |t MOSATT 2007 : modern safety technologies in transportation  |d Košice : Slovenská dopravná spoločnosť pri SAV, 2007  |g S. 108-113  |z 9788096976027 
852 |a SVKKK  |b BIB 
958 |a NB 
999 |c 1313772  |d 1315702